00683nam a2200229Ia 4500003000900000008004100009040001300050040001300063041000800076100002400084245003500108250001700143260000900160300001100169300001000180490002600190490000800216710000900224942000700233999001700240952019600257IT-RoPAU120407s9999 xx 000 0 und d aIT-RoPAU cIT-RoPAU aita aTommaso Leccisotti  aSepolcro (il) di S. Benedetto. aMontecassino c1951 a245 p. c26 cm aMiscellanea cassinese v127 aetc. cBK c30211d30211 00102ddc406270_12700000000000071aPAULUSbPAULUSd2012-04-11l0o270.127r2012-04-11 00:00:00w2012-04-11yBKzInserito da: Jole In data: 30 luglio 2011 fondo: Via A.Severo 56 Progr:32671